Diseño programa sobre cultura de seguridad y defensa nacional para militares, provincia Elías Piña, República Dominicana 2023-2024 / (Registro nro. 8301)
[ vista simple ]
| 000 -CABECERA | |
|---|---|
| campo de control de longitud fija | 01441nam a22002297a 4500 |
| 003 - IDENTIFICADOR DEL NÚMERO DE CONTROL | |
| campo de control | DO-SdBJH |
| 005 - FECHA Y HORA DE LA ÚLTIMA TRANSACCIÓN | |
| campo de control | 20250624185449.0 |
| 008 - DATOS DE LONGITUD FIJA--INFORMACIÓN GENERAL | |
| campo de control de longitud fija | 250624b2024 dr ||||| |||| 00| 0 spa d |
| 040 ## - FUENTE DE LA CATALOGACIÓN | |
| Centro catalogador/agencia de origen | DO-SdBJH |
| Lengua de catalogación | spa |
| Centro/agencia transcriptor | DO-SdBJH |
| 041 0# - CÓDIGO DE LENGUA | |
| Código de lengua del texto/banda sonora o título independiente | spa |
| 090 ## - LOCALMENTE ASIGNADO TIPO-LC NÚMERO DE CLASIFICACIÓN (OCLC); NÚMERO DE CLASIFICACIÓN LOCAL (RLIN) | |
| Número de clasificación (OCLC) (R) ; Numero de clasificación, CALL (RLIN) (NR) | TG EGAEE |
| Número cutter local (OCLC) ; Número de libro/Signatura topográfica íntegra, CALL (RLIN) | 02408 2024 |
| 100 1# - ENTRADA PRINCIPAL--NOMBRE DE PERSONA | |
| Nombre de persona | Rojas, Rafel Adolfo |
| Término indicativo de función/relación | sustentante |
| 245 10 - MENCIÓN DE TÍTULO | |
| Título | Diseño programa sobre cultura de seguridad y defensa nacional para militares, provincia Elías Piña, República Dominicana 2023-2024 / |
| Mención de responsabilidad, etc. | Rafael Adolfo Rojas ; asesor metodológico José E. Méndez Medina ; asesor de contenido Santo Domingo Guerrero Clase. |
| 260 ## - PUBLICACIÓN, DISTRIBUCIÓN, ETC. | |
| Lugar de publicación, distribución, etc. | Santo Domingo, República Dominicana : |
| Nombre del editor, distribuidor, etc. | UNADE, |
| Fecha de publicación, distribución, etc. | 2024. |
| 300 ## - DESCRIPCIÓN FÍSICA | |
| Extensión | xvii, 61 páginas. |
| 502 ## - NOTA DE TESIS | |
| Nota de tesis | Tesis y trabajo de grado (Maestría en Seguridad y Defensa Nacional) -- Universidad Nacional para la Defensa "General Juan Pablo Duarte y Díez", 2024. |
| 504 ## - NOTA DE BIBLIOGRAFÍA, ETC. | |
| Nota de bibliografía, etc. | Incluye referencias bibliográficas y anexos. |
| 505 ## - NOTA DE CONTENIDO CON FORMATO | |
| Nota de contenido con formato | Origen y conceptualización de cultura de seguridad y defensa nacional en República Dominicana -- Los sistemas y organismos de seguridad y defensa nacional en República Dominicana -- Problemática y vulnerabilidad de Elías Piña -- Diseño programa sobre cultura de seguridad y defensa nacional para militares, provincia Elías Piña, República Dominicana. |
| 700 1# - PUNTO DE ACCESO ADICIONAL--NOMBRE DE PERSONA | |
| Nombre de persona | Méndez Medina, José E. |
| Término indicativo de función/relación | asesor metodológico |
| 700 1# - PUNTO DE ACCESO ADICIONAL--NOMBRE DE PERSONA | |
| Nombre de persona | Guerrero Clase, Santo Domingo |
| Término indicativo de función/relación | asesor de contenido |
| 942 ## - ELEMENTOS DE PUNTO DE ACCESO ADICIONAL (KOHA) | |
| Fuente del sistema de clasificación o colocación | Clasificación Local |
| Tipo de ítem Koha | Tesis |
| Estado de retiro | Estado de pérdida | Fuente del sistema de clasificación o colocación | Estado dañado | No para préstamo | Código de colección | Localización permanente | Ubicación/localización actual | Ubicación en estantería | Fecha de adquisición | Número de inventario | Total de préstamos | Signatura topográfica completa | Código de barras | Fecha visto por última vez | Número de copia | Precio válido a partir de | Tipo de ítem Koha |
|---|---|---|---|---|---|---|---|---|---|---|---|---|---|---|---|---|---|
| Clasificación Local | Trabajos de Grado e Investigción | SIBM UNADE - Biblioteca Sede Central | SIBM UNADE - Biblioteca Sede Central | En estantería | 06/24/2025 | 24-02408 | TG EGAEE 02408 2024 | 24-02408 | 06/24/2025 | 1 | 06/24/2025 | Tesis |
